00478nam a2200169 a 4500008004100000020001500041050001600056100002100072245006900093250001200162260003300174300003300207350000900240650001500249650002100264700002300285120416s1980 ||||||||||||||||| || u a0070669619 aQP 34.5 Van aVander, Arthur J10aHuman physiology: the mechanisms of body function. (3rd edition) a3rd ed. aNew York:bMcGraw-Hillc1980 ax, 724 pages : illustrations a0.00 aPHYSIOLOGY 0aHUMAN PHYSIOLOGY aLuciano, Dorothy S